Los paraguas de Cherburgo = Les parapluies de Cherbourg /

El tercero y quizás más famoso de los doce largometrajes dirigido por el cineasta francés Jacques Demy (1931-90) tiene como punto de partida el encuentro entre una hermosa adolescente, hija de la dueña de una tienda de sombrillas, y su primer amor, un apuesto mecánico, en 1957 en Cherburgo, pequeña...

Ausführliche Beschreibung

Gespeichert in:
Bibliographische Detailangaben
1. Verfasser: Demy, Jacques (realización)
Weitere Verfasser: Demy, Jacques (guión) (guión), Rabier, Jean (fotógrafo) (fotógrafo), Moreau, Jacqueline (vestuario) (vestuario), Cotret, Anne-Marie (montaje) (montaje), Teisseire, Monique (montaje) (montaje), Legrand, Michel (música) (música), Deneuve, Catherine (actuación) (actuación), Castelnuovo, Nino (actuación) (actuación), Vernon, Anne (actuación) (actuación)
Format: Dia
Sprache:Französisch
Veröffentlicht: París, Francia : Munich, Alemania : Parc Film : Madeleine Films ; Beta Film, 1964
Schlagworte:
Tags: Tag hinzufügen
Keine Tags, Fügen Sie das erste Tag hinzu!

MARC

LEADER 00000ngm^a2200000^a^4500
001 000318998
005 20250521000000.0
009 20260310113428.817
037 |a Acervo ITESO - Biblioteca 
041 |a FRA 
082 |a 840.  |b DEM 
100 |a Demy, Jacques  |e (realización) 
240 1 5 |a [Los paraguas de Cherburgo] 
245 1 4 |a Los paraguas de Cherburgo =  |b Les parapluies de Cherbourg /  |c Realización de J. Demy. 
264 1 |a París, Francia :  |b Parc Film :  |b Madeleine Films ;  |a Munich, Alemania :  |b Beta Film,  |c 1964 
264 2 |a México :  |b Zima Entertainment [distribución],  |c copyright fecha no identificada 
300 |a 1 DVD regiones 1 y 4 (91 min.) :  |b color 
336 |a imagen móvil bidimensional  |b tdi  |2 rdacontenido 
337 |a video  |b v  |2 rdamedio 
338 |a videodisco  |b vd  |2 rdasoporte 
520 |a El tercero y quizás más famoso de los doce largometrajes dirigido por el cineasta francés Jacques Demy (1931-90) tiene como punto de partida el encuentro entre una hermosa adolescente, hija de la dueña de una tienda de sombrillas, y su primer amor, un apuesto mecánico, en 1957 en Cherburgo, pequeña localidad de la costa atlántica norte de Francia. Cuando el joven es enviado un año después a cumplir el servicio militar en Argelia, su sencilla felicidad se trastoca y la incipiente pareja debe crecer rápidamente. Un melodrama musical melancólico, desarrollado a través de una sucesión de encuentros casuales, que transcurren totalmente cantados con la música de Michel Legrand y en medio de los exquisitos diseños del decorador Bernard Evein (1929-2006), dos colaboradores centrales del universo de Jacques Demy. Supone también una de las contadas películas francesas de inicios de la década de 1960 con una referencia directa –y una condena indirecta- a la Guerra de Independencia argelina (1954-62). El título consagratorio de su autor, galardonado con el máximo premio en el Festival de Cannes (1964), lanzó al estrellato a Catherine Deneuve, una aparición angelical de veinte años, en la primera de sus cuatro colaboraciones con Demy. Permanece como una de las películas musicales más queridas y a la vez poco ortodoxas de toda la historia, cuya influencia se ha extendido a títulos como La La Land: una historia de amor (Damien Chazelle, 2016). 
520 |a Suplementos y características especiales: 1) Galería animada con diez fotografías de la película, con acompañamiento de la música de Michel Legrand (50 seg.). 
546 |a En francés, con subtítulos opcionales: español 
586 |a Festival Internacional de Cine de Cannes (17°: 1964): Premio a la Mejor Película (Gran Premio) 
586 |a Premio Louis-Delluc 1963 
586 |a Premio Globo de Oro, de la Asociación de la Prensa Extranjera de Hollywood (23°: 1965): Mejor Película Extranjera en Lengua No Inglesa (finalista) 
586 |a Premio Oscar, de la Academia Norteamericana de Cine (37°: 1964): Mejor Película en Lengua No Inglesa (finalista, representante de Francia) 
649 |a XX 
650 |a Películas Musicales 
650 |a Melodramas 
650 |a Dramas Cinematográficos 
650 |a Cine Francés -  |y 1960-1969 
650 |a Cine Francés -  |y Siglo XX 
650 |a Amor 
650 |a Relaciones de Pareja 
650 |a Relaciones Intergénero 
650 |a Memoria y Olvido 
650 |a Cherburgo, Francia en el Cine 
700 |a Demy, Jacques  |e (guión) 
700 |a Rabier, Jean  |e (fotógrafo) 
700 |a Moreau, Jacqueline  |e (vestuario) 
700 |a Cotret, Anne-Marie  |e (montaje) 
700 |a Teisseire, Monique  |e (montaje) 
700 |a Legrand, Michel  |e (música) 
700 |a Deneuve, Catherine  |e (actuación) 
700 |a Castelnuovo, Nino  |e (actuación) 
700 |a Vernon, Anne  |e (actuación) 
910 |a Fondo General 
920 |a Audiovisuales - DVDs 
940 |a Películas 
905 |a 302 
901 |a 0500205911  |b IT2  |c DVS  |i C131009  |u 20250521 
902 |a https://opac.biblio.iteso.mx/vufind/Record/000318998